Amelia Earheart : (Record no. 337074)
[ view plain ]
| 000 -LEADER | |
|---|---|
| fixed length control field | 00461nam a2200181Ia 4500 |
| 008 - FIXED-LENGTH DATA ELEMENTS--GENERAL INFORMATION | |
| fixed length control field | 170705s9999 xx 000 0 und d |
| 020 ## - INTERNATIONAL STANDARD BOOK NUMBER | |
| International Standard Book Number | 9780545344760 |
| 245 ## - TITLE STATEMENT | |
| Title | Amelia Earheart : |
| 245 ## - TITLE STATEMENT | |
| Remainder of title | this broad ocean / |
| 245 ## - TITLE STATEMENT | |
| Statement of responsibility, etc | by Sarah Stewart Taylor ; illustrated by Ben Towle. |
| 260 ## - PUBLICATION, DISTRIBUTION, ETC. (IMPRINT) | |
| Place of publication, distribution, etc | New York : |
| 260 ## - PUBLICATION, DISTRIBUTION, ETC. (IMPRINT) | |
| Name of publisher, distributor, etc | Scholastic, |
| 260 ## - PUBLICATION, DISTRIBUTION, ETC. (IMPRINT) | |
| Date of publication, distribution, etc | 2010 |
| 300 ## - PHYSICAL DESCRIPTION | |
| Extent | 78 pages : |
| 300 ## - PHYSICAL DESCRIPTION | |
| Other physical details | color illustration ; |
| 300 ## - PHYSICAL DESCRIPTION | |
| Dimensions | 25cm. |
| 500 ## - GENERAL NOTE | |
| General note | 1080 |
No items available.